À propos de Pierre Cahné, Lectures lentes. Linguistique et critique littéraire (notice n° 1583288)

détails MARC
000 -LEADER
fixed length control field 00987cam a2200229 4500500
005 - DATE AND TIME OF LATEST TRANSACTION
control field 20251228052321.0
041 ## - LANGUAGE CODE
Language code of text/sound track or separate title fre
042 ## - AUTHENTICATION CODE
Authentication code dc
100 10 - MAIN ENTRY--PERSONAL NAME
Personal name Soutet, Olivier
Relator term author
245 00 - TITLE STATEMENT
Title À propos de Pierre Cahné, Lectures lentes. Linguistique et critique littéraire
260 ## - PUBLICATION, DISTRIBUTION, ETC.
Date of publication, distribution, etc. 2011.<br/>
500 ## - GENERAL NOTE
General note 25
520 ## - SUMMARY, ETC.
Summary, etc. RésuméPierre Cahné faisant référence de manière quasi constante dans Lectures lentes à la psychomécanique du langage, il a paru utile à la fois de rappeler les apports majeurs de cette théorie du langage et d’apprécier sa portée et ses limites pour l’analyse textuelle.
690 ## - LOCAL SUBJECT ADDED ENTRY--TOPICAL TERM (OCLC, RLIN)
Topical term or geographic name as entry element Gustave Guillaume
690 ## - LOCAL SUBJECT ADDED ENTRY--TOPICAL TERM (OCLC, RLIN)
Topical term or geographic name as entry element Leo Spitzer
690 ## - LOCAL SUBJECT ADDED ENTRY--TOPICAL TERM (OCLC, RLIN)
Topical term or geographic name as entry element psychomécanique du langage
690 ## - LOCAL SUBJECT ADDED ENTRY--TOPICAL TERM (OCLC, RLIN)
Topical term or geographic name as entry element signifié
690 ## - LOCAL SUBJECT ADDED ENTRY--TOPICAL TERM (OCLC, RLIN)
Topical term or geographic name as entry element synchronie
690 ## - LOCAL SUBJECT ADDED ENTRY--TOPICAL TERM (OCLC, RLIN)
Topical term or geographic name as entry element variante
786 0# - DATA SOURCE ENTRY
Note Transversalités | 119 | 3 | 2011-09-01 | p. 199-213 | 1286-9449
856 41 - ELECTRONIC LOCATION AND ACCESS
Uniform Resource Identifier <a href="https://shs.cairn.info/revue-transversalites-2011-3-page-199?lang=fr&redirect-ssocas=7080">https://shs.cairn.info/revue-transversalites-2011-3-page-199?lang=fr&redirect-ssocas=7080</a>

Pas d'exemplaire disponible.

PLUDOC

PLUDOC est la plateforme unique et centralisée de gestion des bibliothèques physiques et numériques de Guinée administré par le CEDUST. Elle est la plus grande base de données de ressources documentaires pour les Étudiants, Enseignants chercheurs et Chercheurs de Guinée.

Adresse

627 919 101/664 919 101

25 boulevard du commerce
Kaloum, Conakry, Guinée

Réseaux sociaux

Powered by Netsen Group @ 2025